| 000 | 01191nam a22002777i 4500 | ||
|---|---|---|---|
| 003 | EG-ScBUE | ||
| 005 | 20240121095759.0 | ||
| 008 | 120418s2002 ua f b 000 0 ara d | ||
| 017 | _a2002 / 10012 | ||
| 020 | _a9772391880 | ||
| 040 |
_aEG-ScBUE _bara _erda _cEG-ScBUE _dEG-ScBUE |
||
| 082 | 0 | 4 |
_a962.053 _bف ر س _222 |
| 100 | 1 |
_929650 _aفرسخ، عوني، _eمؤلف. |
|
| 245 | 1 | 0 |
_aإشكاليات الوحدة : _bالجمهورية العربية المتحدة من الفكرة إلى الدولة / _cتأليف عوني فرسخ. |
| 250 | _aالطبعة الأولى. | ||
| 264 | 1 |
_aالقاهرة : _bدار المستقبل العربي، _c2002. |
|
| 300 |
_a463 صفحة ؛ _c22 سم |
||
| 336 |
_2rdacontent _aنص _btxt |
||
| 337 |
_aبدون وسيط _2rdamedia _bn |
||
| 338 |
_aمجلد _bnc _2rdacarrier |
||
| 504 | _aيشتمل على إرجاعات ببليوجرافية. | ||
| 651 | 7 |
_aمصر _xتاريخ _yالعصر الحديث _yالوحدة مع سوريا (1958-1961 م.). _2BUEsh |
|
| 651 | 7 |
_aسوريا _xتاريخ _yالعصر الحديث _yالوحدة مع مصر (1958-1961). _2BUEsh |
|
| 655 | _vReading book | ||
| 942 |
_2ddc _cBB |
||
| 999 |
_c16657 _d16657 |
||